MARC

LEADER 00000nam0a2200000 4500
001 26690
005 20231030201736.0
010 |a 5891730790 
035 |a (RuTPU)RU\TPU\book\26934 
035 |a BOOK00027009 
090 |a 26690 
100 |a 20011209d2000 km y0rusy50 ca 
101 0 |a rus 
102 |a RU 
105 |a а g 000zy 
200 1 |a Методы информационной защиты объектов и компьютерных сетей  |e Справочное пособие  |f А. В. Соколов, О. М. Степанюк 
210 |a Москва  |a СПб.  |c АСТ  |c Полигон  |d 2000 
215 |a 272 с.  |c ил. 
225 1 |a Шпионские штучки-5 
610 1 |a информатика 
610 1 |a персональные компьютеры 
610 1 |a информация 
610 1 |a компьютерные сети 
610 1 |a защита 
610 1 |a безопасность 
610 1 |a криптографические системы 
610 1 |a технические средства 
610 1 |a шифрование 
610 1 |a справочники 
675 |a 681.3.067(03)  |v 3 
700 1 |a Соколов  |b А. В. 
701 1 |a Степанюк  |b О. М. 
801 0 |a RU  |b 63413507  |c 20011209  |g PSBO 
801 2 |a RU  |b 63413507  |c 20060112  |g PSBO 
942 |c BK